000 01428nam a2200205Ia 4500
003 OSt
005 20230726150855.0
008 230726b ||||| |||| 00| 0 eng d
020 _a9788173198526
040 _cAL
041 _aeng
082 _223
_a574.19285
_bSRIB
100 _aSrivastava M L
_9128448
245 _aBioanalytical techniques
260 _aNew Delhi
_bNarosa Publishing House
_c2011
365 _a4199
_b₹356.00
_c
_d₹475.00
_e25%
_f11-02-2016
520 _al Techniques" focuses on new as well as conventional bioanalytical and biophysical tools, emerging techniques, and instruments and probes the molecular aspects of biological systems. The primary aim is to provide the reader with the fundamentals and basic techniques such as sensors, separations, mass spectrometry, spectroscopy, arrays, microfluidics, etc. Biophysical techniques such as magnetic resonance; optical, electron and x-ray microscopy; x-ray and neutron techniques have also been introduced. "Bioanalytical Techniques" offer vast possibilities to examine and explore biological systems (for example, proteomics, genomics, metabolomics, sequencing, screening, characterizing macromolecular interactions, or clinical applications) both in vivo and in vitro. Therefore, various DNA techniques are given in sufficient detail for the students as well as professionals.
650 _2Life Science
_aBioScience
_9128473
942 _2ddc
_cBK
999 _c167628
_d167628